000 00655nam a2200145 a 4500
008 940722s1950 pauac c 000 0 eng d
100 _aNational Philatelic Museum
245 1 0 _aAustria centenary stamp exhibition :
_bMarch 18 to April 13, 1950 /
_cheld under the auspices of the Austria Philatelic Society ; sponsored by His Excellency, Ludwig Kleinwaechter ... [et al.].
260 _aPhila., Pa. :
_bNational Philatelic Museum,
_c[1950]
490 0 _aOfficial bulletin / National Philatelic Museum ;
_vv. 2, no. 3
500 _aCover title: Austria.
650 0 _aPostage stamps
_zAustria
700 1 _aKleinwaechter, Ludwig.
999 _c2121
_d2121